000 00728nam a2200241Ia 4500
003 OSt
005 20221005103344.0
006 a|||||r|||| 00| 0
007 ta
008 221004b |||||||| |||| 00| 0 hin d
024 _a73987
037 _cTextual
040 _aCRL
_cCRL
_bhin
041 _2hin
_ahin
082 _aO152:g, L5(RR)
100 _aनामवर सिंह
245 0 _aआलोचना
246 _aĀlochanā
260 _aछमूदिल्ली
_bराजकमल प्रकाशन भारत
_c1977
650 _aहिन्दी साहित्य
942 _hO152:g, L5(RR)
_cTEXL
_2cc
999 _c1009928
_d1009928